00190nam a2200073 a 450000500170000000800410001705000220005824500360008020140414132004.0110222s19uu xx 00 eng d aTR 428.6bA6 1989 aConnections MacMillan Doorways.